Primary production in an unstable economic order (Record no. 54455)

MARC details
000 -LEADER
fixed length control field 00547nam a2200145 a 4500
008 - FIXED-LENGTH DATA ELEMENTS--GENERAL INFORMATION
fixed length control field 120416s1981 ||||||||||||||||| || u
050 ## - LIBRARY OF CONGRESS CALL NUMBER
Classification number HC 915 Bel
100 ## - MAIN ENTRY--PERSONAL NAME
Personal name Bell, Michael W
245 10 - TITLE STATEMENT
Title Primary production in an unstable economic order
246 ## - VARYING FORM OF TITLE
Title proper/short title the Zambian economy 1965-1978
260 ## - PUBLICATION, DISTRIBUTION, ETC.
Place of publication, distribution, etc. Birmingham
Name of publisher, distributor, etc. The University of Aston Management Centr
Date of publication, distribution, etc. 1981
300 ## - PHYSICAL DESCRIPTION
Extent 83p. : ill.
350 ## - PRICE (NR) (BK AM CF MU VM SE) [OBSOLETE]
Price 0.00
995 ## - RECOMMENDATION 995 [LOCAL, UNIMARC FRANCE]
-- 0.00
-- CBU-MAIN LIBRARY (Kitwe)
-- 1
-- 14.50
-- 1
-- AVAILABLE
-- Zambiana Collection
Holdings
Withdrawn status Lost status Source of classification or shelving scheme Damaged status Not for loan Home library Current library Shelving location Date acquired Total Checkouts Full call number Barcode Date last seen Price effective from Koha item type
          CBU-MAIN LIBRARY, KITWE. CBU-MAIN LIBRARY, KITWE.   11/30/2022   HC 915 Bel 018683 11/30/2022 11/30/2022 MONOGRAPH